El laurel sobre la lira: novela
Tallennettuna:
| Päätekijä: | |
|---|---|
| Aineistotyyppi: | Kirja |
| Kieli: | espanja |
| Julkaistu: |
Santiago
Ediciones Cultura
1946
|
| Painos: | 1a. ed |
| Sarja: | Colección Novelistas Contemporáneos de América, 4
|
| Aiheet: | |
| Tagit: |
Lisää tagi
Ei tageja, Lisää ensimmäinen tagi!
|
MARC
| LEADER | 00000cam a2200000 a 4500 | ||
|---|---|---|---|
| 001 | UCE4947 | ||
| 003 | CL-VaPUC | ||
| 008 | 141120e19460000cl |||||||||||||||||spa|d | ||
| 082 | 0 | 4 | |a Ch863 |b DEL |2 21 |
| 100 | 0 | |a Délano, Luis Enrique |e author |9 345394 | |
| 245 | 1 | 3 | |a El laurel sobre la lira: novela |
| 250 | |a 1a. ed | ||
| 300 | |a 327 p | ||
| 942 | |c BK | ||
| 945 | |d 20141120 11:52:00 |a arojas | ||
| 260 | |a Santiago |b Ediciones Cultura |c 1946 | ||
| 650 | 0 | |a Novelas chilenas |9 265425 | |
| 650 | 0 | |a Literatura chilena |9 308278 | |
| 583 | |a last modification |c 20141120 11:52:00 |k Rodrigo Vera | ||
| 490 | 0 | |a Colección Novelistas Contemporáneos de América, 4 | |
| 999 | |c 357802 |d 357800 | ||
| 952 | |0 0 |1 0 |3 erb |4 0 |6 CH_863_000000000000000_DEL_1946 |7 0 |8 X |9 465892 |a FDOBUD |b FDOBUD |i 510792K |o Ch863 DEL 1946 |p 510792K |r 2019-11-23 |w 2019-11-23 |y BK_X |z Catalogado en:20141120 |k BUD | ||